000 00614nam a2200205 4500
003 OSt
005 20240625063853.0
006 a
008 240625b |||||||| |||| 00| 0 eng d
020 _a9780071089265
040 _aDWCL-Main lib.
_cOC
082 _2Ninth, Intl. edition
_aCirc. 808.51 G822p 2010
100 _aGregory, Hamilton
245 _aPublic speaking for college & career /
260 _aN,Y:
_bMcGraw Hill,
_cc2010.
300 _axxiii,
_b426 p. : ill. ;
_c26 cm.
504 _aIncludes bibliographical references & index.
650 _a1. Public Speaking.
942 _2ddc
_n0
_cBK-CIRC
_kCirc.
999 _c1322
_d1322